[Event "Mondiale Semilampo FIDE 2014"]
[Site "Dubai"]
[Date "17.06.2014"]
[Round "8.39"]
[White "Ghaem Maghami, Ehsan"]
[Black "Fedoseev, Vladimir3"]
[Result "0-1"]
[WhiteTitle "GM"]
[BlackTitle "GM"]
[WhiteElo "2582"]
[BlackElo "2662"]
[WhiteFideId "12500739"]
[BlackFideId "24130737"]
[EventDate "2014.06.16"]

1. c4 e5 2. Nc3 Nf6 3. Nf3 Nc6 4. d3 h6 5. g3 Bb4 6. Bd2 a6 7. Bg2 d6 8. O-O O-O
9. h3 Bf5 10. e4 Bh7 11. Be3 Bc5 12. Qd2 Nd7 13. a3 Bxe3 14. fxe3 a5 15. Rad1
Re8 16. Qf2 Kh8 17. Nh4 f6 18. g4 Rb8 19. Nf5 Na7 20. h4 b5 21. cxb5 Nxb5 22.
Ne2 Nf8 23. Neg3 c5 24. g5 fxg5 25. hxg5 Ne6 26. gxh6 g6 27. a4 gxf5 28. exf5
Nbc7 29. fxe6 Rxe6 30. d4 Rxh6 31. dxe5 Qh4 32. Qf3 Ne6 33. Rf2 Rg8 34. exd6 0-1

[Event "Mondiale Semilampo FIDE 2014"]
[Site "Dubai"]
[Date "17.06.2014"]
[Round "8.41"]
[White "Fier, Alexandr"]
[Black "Ringoir, Tanguy"]
[Result "1/2-1/2"]
[WhiteTitle "GM"]
[BlackTitle "IM"]
[WhiteElo "2580"]
[BlackElo "2506"]
[WhiteFideId "2107139"]
[BlackFideId "208027"]
[EventDate "2014.06.16"]

1. e4 e5 2. Nf3 Nc6 3. Bb5 a6 4. Ba4 Nge7 5. Nc3 d6 6. a3 Bd7 7. Bb3 Ng6 8. d3
Be7 9. Nd5 Bg4 10. Ne3 Be6 11. Nf5 O-O 12. c3 Nf4 13. Bxf4 exf4 14. O-O Bf6 15.
Re1 Qd7 16. Bxe6 fxe6 17. N5d4 Rae8 18. Nxc6 Qxc6 19. Qb3 b6 20. e5 dxe5 21.
Nxe5 Qd6 22. d4 Re7 23. Qc4 b5 24. Qb4 Rc8 25. Nd3 g5 26. Re4 Kg7 27. Rae1 Rce8
28. Qxd6 cxd6 29. Nb4 e5 30. dxe5 Rxe5 31. Rxe5 dxe5 32. Nxa6 Rd8 33. Nc7 Rd2
34. b4 Bd8 35. Ne6+ Kf6 36. Nc5 Ra2 37. Nd7+ Kg7 38. h3 Rxa3 39. Rxe5 Rxc3 40.
Rxb5 h6 41. Kf1 Rb3 42. Ke2 Be7 43. Ne5 Rxb4 44. Ra5 h5 45. Nc6 Rb2+ 46. Kf3 Bf6
47. Ra6 Kf7 48. Ke4 Rxf2 49. Kf5 f3 50. Ra7+ Ke8 51. gxf3 Rxf3+ 52. Ke6 Bd8 53.
Rh7 g4 54. hxg4 hxg4 55. Rg7 Rf6+ 56. Kd5 Rf5+ 57. Ke4 Rg5 1/2-1/2

[Event "Mondiale Semilampo FIDE 2014"]
[Site "Dubai"]
[Date "17.06.2014"]
[Round "8.42"]
[White "Salem, A.R. Saleh"]
[Black "Kovalev, Vladislav"]
[Result "1-0"]
[WhiteTitle "GM"]
[BlackTitle "GM"]
[WhiteElo "2581"]
[BlackElo "2554"]
[WhiteFideId "9301348"]
[BlackFideId "13504398"]
[EventDate "2014.06.16"]

1. e4 e5 2. Nf3 Nc6 3. Bb5 a6 4. Ba4 Nf6 5. O-O Be7 6. Re1 b5 7. Bb3 d6 8. c3
O-O 9. h3 Bb7 10. d3 h6 11. Nbd2 Re8 12. Nf1 Bf8 13. Ng3 Na5 14. Bc2 c5 15. d4
cxd4 16. cxd4 d5 17. dxe5 Nxe4 18. Bf4 Bb4 19. Re2 Rc8 20. Nxe4 dxe4 21. Bxe4
Bxe4 22. Rxe4 Rc4 23. Rxc4 Nxc4 24. b3 Nb6 25. Qxd8 Rxd8 26. e6 Re8 27. exf7+
Kxf7 28. Rd1 Re2 29. Be3 Nc8 30. Ne5+ Ke6 31. Nd3 Bd6 32. Nc5+ Ke7 33. Ne4 Bb4
34. a3 Bxa3 35. Nd2 Nb6 36. Bxb6 1-0

[Event "Mondiale Semilampo FIDE 2014"]
[Site "Dubai"]
[Date "17.06.2014"]
[Round "8.43"]
[White "Vahidov, Tair"]
[Black "Aleksandrov, Aleksej"]
[Result "0-1"]
[WhiteTitle "GM"]
[BlackTitle "GM"]
[WhiteElo "2446"]
[BlackElo "2554"]
[WhiteFideId "14200155"]
[BlackFideId "13500139"]
[EventDate "2014.06.16"]

1. c4 e6 2. Nc3 d5 3. d4 Bb4 4. Nf3 Nf6 5. Qa4+ Nc6 6. Bg5 h6 7. Bxf6 Qxf6 8. e3
O-O 9. cxd5 exd5 10. Be2 Rd8 11. O-O Bf8 12. Nb5 Qe7 13. Rac1 a6 14. Nc3 Be6 15.
a3 Rab8 16. Qc2 Na7 17. Na4 Nb5 18. Nc5 Bg4 19. h3 Bh5 20. a4 Nd6 21. Ne5 Bxe2
22. Qxe2 c6 23. Qg4 g6 24. f4 Bg7 25. b3 a5 26. Kh2 Re8 27. Rce1 Rbd8 28. Kh1 h5
29. Qd1 Nf5 30. Kh2 h4 31. Qd2 Qc7 32. b4 axb4 33. Qxb4 b6 34. Ncd3 Kh7 35. Qc3
Re6 36. Qc1 Qb7 37. Rf2 f6 38. Ng4 Ra8 39. Rb2 Qc7 40. Qb1 Ra6 41. a5 Rxa5 42.
Rxb6 Ra3 43. Nc5 Re7 44. Qb2 Nxe3 45. Rxe3 Qxf4+ 46. Kh1 Qf1+ 47. Kh2 Raxe3 48.
Qf2 Qxf2 49. Nxf2 f5 0-1

[Event "Mondiale Semilampo FIDE 2014"]
[Site "Dubai"]
[Date "17.06.2014"]
[Round "8.47"]
[White "Gundavaa, Bayarsaikhan"]
[Black "Mchedlishvili, Mikheil"]
[Result "0-1"]
[WhiteTitle "GM"]
[BlackTitle "GM"]
[WhiteElo "2501"]
[BlackElo "2632"]
[WhiteFideId "4901045"]
[BlackFideId "13600966"]
[EventDate "2014.06.16"]

1. d4 Nf6 2. c4 e6 3. Nc3 Bb4 4. Qc2 O-O 5. Nf3 b6 6. e4 Bb7 7. Bd3 Bxc3+ 8.
bxc3 h6 9. e5 Ne8 10. Qe2 d6 11. Bc2 dxe5 12. dxe5 Nd7 13. Ba3 c5 14. Rd1 Bc6
15. Qd3 f5 16. O-O Qe7 17. Rfe1 Rd8 18. Nd4 Bb7 19. Qg3 Nc7 20. Ba4 Nb8 21. Nb5
Bc6 22. Rd6 Ne8 23. Rxd8 Qxd8 24. Bc1 a6 25. Bxh6 axb5 26. cxb5 Bb7 27. Bb3 Qe7
28. Rd1 Nd7 29. f4 Nc7 30. Bg5 Qf7 31. c4 Ra8 32. Qd3 Nf8 33. Qd6 Nh7 34. Qxb6
Be4 35. Bd8 Ne8 36. Qxc5 Qh5 37. Rd2 g5 38. Qe3 Ng7 39. c5 Qe8 40. Qd4 Qxb5 41.
fxg5 Nf8 42. Bf6 Rc8 43. Be7 Ng6 44. Bd6 Nf4 45. Qc4 Qa5 46. Rf2 Qe1+ 47. Qf1
Qe3 48. Kh1 Nxg2 49. Rxg2 f4 50. h4 Re8 51. Kh2 Bxg2 52. Qxg2 f3 53. Qf1 Nf5 54.
Bc4 Qf4+ 55. Kg1 Qg3+ 56. Kh1 Qxh4+ 57. Kg1 Qg3+ 58. Kh1 Kg7 0-1

[Event "Mondiale Semilampo FIDE 2014"]
[Site "Dubai"]
[Date "17.06.2014"]
[Round "8.48"]
[White "Glek, Igor"]
[Black "Savchenko, Boris"]
[Result "0-1"]
[WhiteTitle "GM"]
[BlackTitle "GM"]
[WhiteElo "2438"]
[BlackElo "2581"]
[WhiteFideId "4100484"]
[BlackFideId "4147332"]
[EventDate "2014.06.16"]

1. d4 d5 2. c4 c6 3. Nc3 Nf6 4. e3 g6 5. Nf3 Bg7 6. Be2 O-O 7. O-O a6 8. Bd2 Bg4
9. Qb3 Ra7 10. h3 Bxf3 11. Bxf3 e6 12. Rfd1 Nbd7 13. Rac1 Re8 14. Be1 Nb6 15.
cxd5 exd5 16. Ne2 Nc4 17. Bb4 a5 18. Be1 Bh6 19. Rd3 Ne4 20. Bxe4 Rxe4 21. Nc3
Re8 22. Na4 b5 23. Nc5 Bf8 24. Qc2 Bxc5 25. dxc5 b4 26. Rd4 Qf6 27. Rcd1 Rb7 28.
e4 Rbe7 29. f3 Ne3 30. Qd3 Nxd1 31. Qxd1 dxe4 32. Rd6 Qe5 33. Bh4 Qxc5+ 34. Kh1
Re6 35. Rd7 e3 36. Qe2 Rd6 37. Be7 Qc1+ 38. Qd1 0-1

[Event "Mondiale Semilampo FIDE 2014"]
[Site "Dubai"]
[Date "17.06.2014"]
[Round "8.49"]
[White "Nezad, Husein Aziz"]
[Black "Sriram, Jha"]
[Result "0-1"]
[WhiteTitle "IM"]
[BlackTitle "GM"]
[WhiteElo "2365"]
[BlackElo "2375"]
[WhiteFideId "12100293"]
[BlackFideId "5001668"]
[EventDate "2014.06.16"]

1. e4 c5 2. Nc3 Nc6 3. f4 g6 4. Nf3 Bg7 5. Bb5 d6 6. Bxc6+ bxc6 7. d3 Rb8 8. O-O
Nf6 9. Qe1 O-O 10. Qh4 c4 11. d4 d5 12. e5 Ne4 13. Ng5 Nxg5 14. fxg5 c5 15. Ne2
cxd4 16. Qxd4 Qb6 17. Kh1 Be6 18. a4 Rfc8 19. c3 Qc7 20. Nf4 Bxe5 21. Nxe6 fxe6
22. Qe3 Qd6 23. h3 d4 24. Qe4 dxc3 25. bxc3 Bxc3 26. Ra3 Qe5 27. Qf3 Rf8 28. Bf4
Rxf4 29. Qxf4 Qxf4 30. Rxf4 Rb1+ 31. Kh2 Be5 32. g3 Bxf4 33. gxf4 Rb3 34. Ra2 c3
35. Ra1 c2 36. Rc1 Rc3 37. Kg2 Kf7 38. h4 e5 39. fxe5 Ke6 40. Kf2 Kxe5 41. Ke2
Kd4 42. Kd2 e5 43. a5 a6 44. Ke1 Kd3 45. h5 gxh5 0-1

[Event "Mondiale Semilampo FIDE 2014"]
[Site "Dubai"]
[Date "17.06.2014"]
[Round "8.50"]
[White "Alahakoon, Isuru"]
[Black "Taleb, Moussa"]
[Result "0-1"]
[BlackTitle "GM"]
[WhiteElo "2123"]
[BlackElo "2406"]
[WhiteFideId "9900993"]
[BlackFideId "9300201"]
[EventDate "2014.06.16"]

1. e4 c5 2. Nf3 e6 3. d4 cxd4 4. Nxd4 a6 5. Nc3 Qc7 6. g3 Bb4 7. Ne2 Nf6 8. Bg2
O-O 9. O-O Be7 10. h3 d6 11. g4 Nc6 12. g5 Nd7 13. f4 Re8 14. Ng3 b5 15. h4 b4
16. Nce2 Bb7 17. h5 Bf8 18. Kh1 Rac8 19. Ng1 Ne7 20. Rf2 d5 21. e5 Nc5 22. Qe1
Qc6 23. N1e2 Nf5 24. Nxf5 exf5 25. Nd4 Qd7 26. g6 Ne4 27. gxh7+ Kxh7 28. Re2 Bc5
29. Be3 Bxd4 30. Bxd4 Rc4 31. c3 bxc3 32. bxc3 Rec8 33. Bxe4 dxe4 34. Qg3 Qe6
35. Rg1 Rg8 36. Re3 Ra4 37. Qg5 Rxa2 38. Rb1 Bc6 39. Kg1 Ra5 40. Rg3 e3 41. Bxe3
Ra2 42. c4 Be4 43. Rd1 Qxc4 44. Re1 Qc2 45. Qh4 Bd5 46. Rg5 Qe4 47. Bf2 Qf3 48.
Rf1 Bc4 49. Rc1 Bd5 50. Rf1 Rc8 51. Rg3 Qe4 52. Re1 Re2 53. Rf1 Rc3 54. Kh2
Rxf2+ 0-1

[Event "Mondiale Semilampo FIDE 2014"]
[Site "Dubai"]
[Date "17.06.2014"]
[Round "8.51"]
[White "Al Qudaimi, Basheer"]
[Black "Faisal, Abdulla"]
[Result "0-1"]
[WhiteTitle "IM"]
[BlackTitle "CM"]
[WhiteElo "2396"]
[BlackElo "2270"]
[WhiteFideId "9400346"]
[BlackFideId "9301232"]
[EventDate "2014.06.16"]

1. e4 c5 2. Nf3 e6 3. d4 cxd4 4. Nxd4 a6 5. Nc3 Qc7 6. g3 Bb4 7. Ne2 Nf6 8. Bg2
O-O 9. O-O Be7 10. h3 d6 11. g4 Nc6 12. g5 Nd7 13. f4 Re8 14. Ng3 b5 15. h4 b4
16. Nce2 Bb7 17. h5 Bf8 18. Kh1 Rac8 19. Ng1 Ne7 20. Rf2 d5 21. e5 Nc5 22. Qe1
Qc6 23. N1e2 Nf5 24. Nxf5 exf5 25. Nd4 Qd7 26. g6 Ne4 27. gxh7+ Kxh7 28. Re2 Bc5
29. Be3 Bxd4 30. Bxd4 Rc4 31. c3 bxc3 32. bxc3 Rec8 33. Bxe4 dxe4 34. Qg3 Qe6
35. Rg1 Rg8 36. Re3 Ra4 0-1

[Event "Mondiale Semilampo FIDE 2014"]
[Site "Dubai"]
[Date "17.06.2014"]
[Round "9.19"]
[White "Sriram, Jha"]
[Black "Ghaem Maghami, Ehsan"]
[Result "0-1"]
[WhiteTitle "GM"]
[BlackTitle "GM"]
[WhiteElo "2375"]
[BlackElo "2582"]
[WhiteFideId "5001668"]
[BlackFideId "12500739"]
[EventDate "2014.06.16"]

1. d4 Nf6 2. c4 e6 3. Nf3 d5 4. Nc3 dxc4 5. e4 Bb4 6. Bg5 h6 7. Bxf6 Qxf6 8.
Bxc4 c5 9. O-O cxd4 10. Qa4+ Nc6 11. Bb5 O-O 12. Bxc6 dxc3 13. Qxb4 cxb2 14.
Rab1 bxc6 15. e5 Qd8 16. Qxb2 Ba6 17. Rfd1 Qa5 18. Rd6 Bc4 19. Rxc6 Qxa2 20.
Qxa2 Bxa2 21. Ra1 Rfb8 22. Ra6 Rb1+ 23. Rxb1 Bxb1 24. Nd4 Rd8 25. Rd6 Ra8 26.
Ra6 Be4 27. f3 Bb7 28. Ra5 a6 29. Nb3 Rb8 30. Nc5 Bc8 31. Ra4 Rb5 32. Nxa6 Rxe5
33. Nb4 Rc5 34. Ra8 Rc7 35. Nd3 f6 36. Ra5 Rd7 37. Ra8 Rxd3 38. Rxc8+ Kf7 39.
Kf2 Rd2+ 40. Kg3 g5 41. Rc4 e5 42. h4 Kg6 43. hxg5 hxg5 44. Ra4 Kf5 45. Rb4 Rd4
46. Rb8 Rd6 47. Rb4 Ke6 48. Rb8 Rd4 49. Re8+ Kf5 50. Rb8 Rd7 51. Rb4 Ke6 52.
Rb6+ Rd6 53. Rb8 Kf5 54. Rb4 Rd3 55. Ra4 Rd4 56. Ra8 g4 57. Ra3 gxf3 58. gxf3
Rd7 59. Rb3 Kg5 60. Rb8 Rd3 61. Rb5 Kf5 62. Ra5 Rb3 63. Rc5 Ra3 64. Rb5 Ke6 65.
Rb6+ Ke7 66. Rb7+ Ke6 67. Rb6+ Kf5 68. Rb5 Ra8 69. Rc5 Rd8 70. Rb5 Ke6 71. Rb6+
Rd6 72. Rb5 f5 73. Ra5 Rd3 74. Ra6+ Kd5 75. Ra5+ Kd4 76. Ra4+ Ke3 77. Ra5 e4 78.
Rxf5 Ke2 79. Ra5 Rxf3+ 80. Kg2 Rd3 81. Ra2+ Rd2 82. Ra3 Ke1+ 83. Kg1 Rd3 84.
Ra1+ Ke2 85. Kg2 Rd1 86. Ra3 Rd2 87. Ra1 Rb2 88. Kg3 e3 89. Ra8 Rd2 90. Ra3 Rd8
91. Ra2+ Kd3 92. Ra3+ Ke4 93. Kg2 Rd2+ 94. Kg3 Rd1 95. Ra4+ Rd4 96. Ra3 Rb4 97.
Ra2 Rc4 98. Kg2 Kd3 99. Ra8 e2 100. Rd8+ Ke3 101. Re8+ Kd2 102. Rd8+ Ke1 103.
Ra8 Rc7 104. Rd8 0-1

[Event "Mondiale Semilampo FIDE 2014"]
[Site "Dubai"]
[Date "18.06.2014"]
[Round "15.41"]
[White "Debashis, Das"]
[Black "Sokolov, Ivan"]
[Result "1-0"]
[WhiteTitle "GM"]
[BlackTitle "GM"]
[WhiteElo "2484"]
[BlackElo "2650"]
[WhiteFideId "5024854"]
[BlackFideId "14400030"]
[EventDate "2014.06.16"]

1. d4 Nf6 2. c4 e6 3. Nc3 Bb4 4. Nf3 O-O 5. e3 b6 6. Bd3 Bb7 7. O-O c5 8. Na4
cxd4 9. exd4 Re8 10. Bf4 Bxf3 11. Qxf3 Nc6 12. Be5 Rc8 13. Rad1 Be7 14. Nc3 d6
15. Bg3 g6 16. Bc2 Na5 17. Ba4 Rf8 18. b3 Nh5 19. Bb5 Rc7 20. Ba6 Ng7 21. Bf4
Nf5 22. Rd2 h5 23. Rfd1 Bf6 24. h3 h4 25. Ne4 Bg7 26. Bg5 f6 27. Bf4 Qe7 28. Qg4
Kh7 1-0